Code de commerce
Its about commercial law (trade regulation of France)
Сохранить в:
| Главный автор: | |
|---|---|
| Формат: | |
| Язык: | Undetermined |
| Опубликовано: |
Paris
Dalloz
2013
|
| Предметы: | |
| Метки: |
Добавить метку
Нет меток, Требуется 1-ая метка записи!
|
| Thư viện lưu trữ: | Trung tâm Học liệu Trường Đại học Cần Thơ |
|---|
| LEADER | 00567nam a2200205Ia 4500 | ||
|---|---|---|---|
| 001 | CTU_214934 | ||
| 008 | 210402s9999 xx 000 0 und d | ||
| 082 | |a 346.4407 | ||
| 082 | |b R768 | ||
| 100 | |a Rontchevsky, Nicolas | ||
| 245 | 0 | |a Code de commerce | |
| 245 | 0 | |c Nicolas Rontchevsky, Chevrier Eric | |
| 260 | |a Paris | ||
| 260 | |b Dalloz | ||
| 260 | |c 2013 | ||
| 520 | |a Its about commercial law (trade regulation of France) | ||
| 650 | |a Commercial law | ||
| 650 | |x French | ||
| 904 | |i Nguyên | ||
| 980 | |a Trung tâm Học liệu Trường Đại học Cần Thơ | ||